| 000 | 00402nam a2200157Ia 4500 | ||
|---|---|---|---|
| 008 | 230312s9999||||xx |||||||||||||| ||und|| | ||
| 020 | _a10-0230-33071-1 | ||
| 082 |
_a621.381028 _bSUB-E |
||
| 100 | _aSubrahmanyam;S.V | ||
| 245 | 0 | _aExperiments in Electronics | |
| 260 |
_bMcMillan _aIndia _c2011 |
||
| 300 | _a426 | ||
| 546 | _aEng. | ||
| 650 |
_aEngineering _vExperiments in Electronics |
||
| 942 | _cBK | ||
| 999 |
_c7773 _d7773 |
||